MARC details
| 000 -CABECERA |
| campo de control de longitud fija |
01809nam a2200373 i 4500 |
| 001 - NÚMERO DE CONTROL |
| campo de control |
991061729798506706 |
| 003 - IDENTIFICADOR DEL NÚMERO DE CONTROL |
| campo de control |
ES-BaIT |
| 005 - FECHA Y HORA DE LA ÚLTIMA TRANSACCIÓN |
| campo de control |
20260302115505.0 |
| 008 - DATOS DE LONGITUD FIJA--INFORMACIÓN GENERAL |
| campo de control de longitud fija |
260302e202601 fr g 000 d fre c |
| 020 ## - NÚMERO INTERNACIONAL ESTÁNDAR DEL LIBRO |
| Número Internacional Estándar del Libro |
9782749817163 |
| Información calificativa |
(paperback) |
| 020 ## - NÚMERO INTERNACIONAL ESTÁNDAR DEL LIBRO |
| Número Internacional Estándar del Libro |
2749817161 |
| Información calificativa |
(paperback) |
| 035 ## - NÚMERO DE CONTROL DEL SISTEMA |
| Número de control de sistema |
(OCoLC)1572365315 |
| 035 ## - NÚMERO DE CONTROL DEL SISTEMA |
| Número de control de sistema |
(OCoLC)on1572365315 |
| 040 ## - FUENTE DE LA CATALOGACIÓN |
| Centro catalogador/agencia de origen |
ES-BaIT |
| Lengua de catalogación |
cat |
| Normas de descripción |
rda |
| Centro/agencia transcriptor |
ES-BaIT |
| 080 ## - NÚMERO DE LA CLASIFICACIÓN DECIMAL UNIVERSAL |
| Número de la Clasificación Decimal Universal |
840-2"20" |
| 100 1# - ENTRADA PRINCIPAL--NOMBRE DE PERSONA |
| Nombre de persona |
Robert-Charrier, Jean |
| Término indicativo de función/relación |
autor |
| 9 (RLIN) |
168771 |
| 245 10 - MENCIÓN DE TÍTULO |
| Título |
Ça, c'est l'amour / |
| Mención de responsabilidad, etc. |
Jean Robert-Charrier |
| 264 #1 - PRODUCCIÓN, PUBLICACIÓN, DISTRIBUCIÓN, FABRICACIÓN Y COPYRIGHT |
| Producción, publicación, distribución, fabricación y copyright |
Paris : |
| Nombre del de productor, editor, distribuidor, fabricante |
L'avant-scène théâtre, |
| Fecha de producción, publicación, distribución, fabricación o copyright |
janvier 2026 |
| 300 ## - DESCRIPCIÓN FÍSICA |
| Extensión |
73 pàgines ; |
| Dimensiones |
21 cm. |
| 336 ## - TIPO DE CONTENIDO |
| Término de tipo de contenido |
text |
| Código de tipo de contenido |
txt |
| Fuente |
rdacontent |
| 337 ## - TIPO DE MEDIO |
| Nombre/término del tipo de medio |
sense mediació |
| Código del tipo de medio |
n |
| Fuente |
rdamedia |
| 338 ## - TIPO DE SOPORTE |
| Nombre/término del tipo de soporte |
volum |
| Código del tipo de soporte |
nc |
| Fuente |
rdacarrier |
| 490 1# - MENCIÓN DE SERIE |
| Mención de serie |
Avant-scène théâtre ; |
| Designación de volumen o secuencia |
no 1587 |
| 500 ## - NOTA GENERAL |
| Nota general |
P4: D2, H2 en P3: D2, H1 |
| 500 ## - NOTA GENERAL |
| Nota general |
Publicat com no 1587 (janvier 2026) de la revista L'Avant-scène théâtre |
| 500 ## - NOTA GENERAL |
| Nota general |
Estrena Théâtre des Bouffes-Parisiens el 23 de gener de 2026 |
| 520 ## - SUMARIO, ETC. |
| Sumario, etc. |
"24 décembre, soir de Noël. Mathilde reçoit la visite impromptue de sa mère, un peu envahissante et haute en couleurs. Les discussions anodines, parfois joviales, cèdent le pas aux souvenirs, aux fantômes d'une enfance marquée par la violence et à l'introspection du lien unissant une mère et sa fille. Avec légèreté et une force subtile, l'auteur aborde ce sujet capital qu'est l'emprise et ses conséquences au sein d'un couple. La simplicité trompeuse du début plonge le lecteur dans un drame familial bouleversant." -- Pàgina 4 |
| 650 #0 - PUNTO DE ACCESO ADICIONAL DE MATERIA--TÉRMINO DE MATERIA |
| Término de materia o nombre geográfico como elemento de entrada |
Mares i filles |
| Subdivisión de forma |
Textos dramàtics |
| 9 (RLIN) |
163656 |
| 650 #0 - PUNTO DE ACCESO ADICIONAL DE MATERIA--TÉRMINO DE MATERIA |
| Término de materia o nombre geográfico como elemento de entrada |
Famílies |
| Subdivisión de forma |
Textos dramàtics |
| 9 (RLIN) |
168202 |
| 830 ## - PUNTO DE ACCESO ADICIONAL DE SERIE-TÍTULO UNIFORME |
| Título uniforme |
Avant-scène. |
| Nombre de parte o sección de la obra |
Théâtre |
| Designación de volumen o secuencia |
no 1587 |
| 9 (RLIN) |
168170 |
| 908 ## - COLOCAR PARÁMETRO DE COMANDO (RLIN) |
| Colocar parámetro de comando |
CDMAE |
| 940 ## - EQUIVALENCIA O REFERENCIA-CRUZADA--TÍTULO UNIFORME [OBSOLETO] [solamente CAN/MARC] |
| Título uniforme |
<a href="CDMAE">CDMAE</a> |
| 942 ## - ELEMENTOS DE ENTRADA AGREGADA (KOHA) |
| Fuente del sistema de clasificación o colocación |
Clasificación decimal universal |
| Tipo de ítem Koha |
Llibre |